00836nam a2200253 a 450000100060000000300090000600500170001500800410003202000180007303500150009104000280010604100080013408200200014210000320016224500880019425000210028226000330030330000320033650000380036850400280040665000440043465000620047870000420054024824CO-ViMGA20230915232020.0141112s2004 ck r 000 u spa d a9788428331906 aAHZ7584 LA aCO-ViMGAbspacCO-ViMGA aspa04a621.31924 G17i1 aGarcía Trasancos, José.10aInstalaciones eléctricas en media y baja tensión / cJosé García Trasancos. a6a. ed. Asensio. aMadrid : bParaninfo, c2009 axvi, 422 p. : il. ; 24 cm. aAdaptado al nuevo RBT (BOE 2008). aIncluye bibliografía.14aDistribución de energía eléctrica14aInstalaciones eléctricas - Problemas, ejercicios, etc. 1 aFuente Rojo, Clara María de la, ed.